• 首页
  • 本馆介绍
  • 公告通知
  • 最新文献
  • 馆藏检索
  • 电子资源
  • 读者导购
  • 参考咨询
  • 我的图书馆
  • 登录
  • 详细信息显示
  • 放入我的书架
  • 预约/预借图书
  • 作者相关作品
  • 分类相关作品
  • 丛书相关作品
  • 出版社相关作品

书目信息

  • 表格格式
  • 工作单格式
  • 卡片格式
题名:
传染
    
 
作者: 伯杰 著 ;李长龙 译
分册:  
出版信息: 北京   电子工业出版社  2017
页数: 10, 303页
开本: 24cm
丛书名:
单 册:
中图分类: F713.50
科图分类:
主题词: 市场营销学
电子资源:
ISBN: 978-7-121-31617-3
000 02165nam0 2200277 450
001 012001000043
005 20140920091301.0
010    @a978-7-121-31617-3@dCNY58.00
100    @a20171018d2017 em y0chiy50 ea
101 1  @achi@ceng
102    @aCN@b110000
105    @aa z 000yy
106    @ar
200 1  @a传染@9Chuan Ran@e塑造消费、心智、决策的隐秘力量@f(美)乔纳·伯杰著@dInvisible influence@ethe hidden forces that shape behavior@fJonah Berger@g李长龙译@zeng
210    @a北京@c电子工业出版社@d2017
215    @a10, 303页@c图@d24cm
314    @a乔纳·伯杰(Jonah Berger),现任宾夕法尼亚大学沃顿商学院市场营销学教授。他在全球学术刊物上发表了大量关于营销学的文章,另有诸多广受欢迎的文章登载在《纽约时报》、《华尔街日报》、《华盛顿邮报》、《科学》、《哈佛商业评论》、《连线》、《商业周刊》和《快公司》等刊物上。他的研究及想法被《纽约时报杂志》评为年度佳新概念之一。伯杰在学术和教学上都获得了诸多的荣誉,其中包括沃顿商学院授予的“钢铁教授”(Iron Prof.)称号。他目前居住在美夕法尼亚州的费城市。
330    @a在我们生命中的每时每刻,无论是平凡场合还是重要时刻,以及我们所做的每件事中,他人的行为对我们的判断和决策都会产生巨大的影响,这就是社会影响。社会影响不一定总会让我们人云亦云,有时我们会从众或模仿周围的人,有时我们则会标新立异,刻意避开其他人的某种选择或行为。 在这本令人称奇又具有强大说服力的书中,沃顿商学院市场营销学教授、畅销书《疯传》的作者乔纳伯杰,综合了市场营销学、心理学和社会科学等方方面面的研究成果和思维方式,探究个人消费、心智、决策背后那些微妙而隐秘的影响力。通过更好地理解社会影响的作用机制,我们能够决定何时抵制其存在,何时接受其作用,以及如何利用这一传播规律做出更明智的选择,提高对自身行为的控制力。 无论你想影响他人,还是仅仅想了解人类行为背后的秘密,你都会在《传染》这本书中找到答案。本书会使你看待自身以及周围其他人行为的方式发生天翻地覆的变化。
510 1  @aInvisible influence the hidden forces that shape behavior@zeng
517 1  @a塑造消费、心智、决策的隐秘力量@9Su Zao Xiao Fei、 Xin Zhi、 Jue Ce De Yin Mi Li Liang
606 0  @a市场营销学
690    @aF713.50@v5
701  1 @c(美)@a伯杰@9Bo Jie@c(Berger, Jonah)@4著
702  0 @a李长龙@9Li Chang Long@4译
801  0 @aCN@b上海新华@c20180901
905    @b1040205-09@dF713.50@e1010@f5
    
    传染:塑造消费、心智、决策的隐秘力量/(美)乔纳·伯杰著=Invisible influence:the hidden forces that shape behavior/Jonah Berger/李长龙译.-北京:电子工业出版社,2017
    10, 303页:图;24cm
    
    
    ISBN 978-7-121-31617-3:CNY58.00
    在我们生命中的每时每刻,无论是平凡场合还是重要时刻,以及我们所做的每件事中,他人的行为对我们的判断和决策都会产生巨大的影响,这就是社会影响。社会影响不一定总会让我们人云亦云,有时我们会从众或模仿周围的人,有时我们则会标新立异,刻意避开其他人的某种选择或行为。 在这本令人称奇又具有强大说服力的书中,沃顿商学院市场营销学教授、畅销书《疯传》的作者乔纳伯杰,综合了市场营销学、心理学和社会科学等方方面面的研究成果和思维方式,探究个人消费、心智、决策背后那些微妙而隐秘的影响力。通过更好地理解社会影响的作用机制,我们能够决定何时抵制其存在,何时接受其作用,以及如何利用这一传播规律做出更明智的选择,提高对自身行为的控制力。 无论你想影响他人,还是仅仅想了解人类行为背后的秘密,你都会在《传染》这本书中找到答案。本书会使你看待自身以及周围其他人行为的方式发生天翻地覆的变化。
●
相关链接 在E读中查询图书 在五车中查询图书 在当当中查询图书 在豆瓣中查询图书


正题名:传染     索取号:F713.50/1010         预约/预借

序号 登录号 条形码 馆藏地/架位号 状态 备注
1 1040205   210402054   第一样本阅览室/ [索取号:F713.50/1010] 在馆    
2 1040206   210402063   第一借阅区/ [索取号:F713.50/1010] 在馆    
3 1040207   210402072   第一借阅区/ [索取号:F713.50/1010] 在馆    
4 1040208   210402081   第一借阅区/ [索取号:F713.50/1010] 在馆    
5 1040209   210402090   密集书库-海洋学院/ [索取号:F713.50/1010] 在馆    
唐山师范学院图书馆 欢迎您!
大连网信软件有限公司© 版权所有